Statistics for Lord of the Rings - The Rings of Power poem

Click here to take the quiz!

General Stats

  • This quiz has been taken 151 times
  • The average score is 33 of 42

Answer Stats

Answer% Correct
the
99%
to
97%
all
92%
all,
92%
Men
91%
on
91%
them,
91%
them
91%
for
90%
In
90%
in
90%
rule
90%
One
89%
bind
88%
Ring
88%
dark
87%
Dark
87%
and
86%
darkness
85%
Lord
85%
Nine
85%
of
85%
Seven
82%
find
81%
where
78%
Mordor
75%
Land
73%
Shadows
71%
lie.
70%
Mortal
70%
his
69%
die,
68%
bring
67%
doomed
67%
halls
67%
stone,
67%
their
66%
throne
66%
sky,
56%
under
54%
Dwarf-lords
52%
Elven-kings
47%

Score Distribution

Percentile by Number Answered

Percent of People with Each Score

Your Score History

You have not taken this quiz